000 01541am a2200505a 44500
003 AR-BaBNM
005 20251128203525.0
008 136019s1965 #AR|||||||||||000 | spa||
040 _cAR-BaBNM
100 1 _aHylla, Erich
245 1 0 _aLas escuelas y la enseñanza en Europa Occidental
_n1
250 _a1ª ed.
260 _aBuenos Aires
_bKapelusz
_c1965
300 _axxv, 350 p.
_bláms.
490 0 _aBiblioteca de cultura pedagógica
504 _aBibliografía al final de cada capítulo
650 4 _aORGANIZACION ESCOLAR
650 4 _aOBJETIVOS EDUCACIONALES
650 4 _aINSPECCION DE ESCUELAS
650 4 _aPLANES EDUCACIONALES
650 4 _aFORMACION DE DOCENTES
650 4 _aCONDICIONES DE TRABAJO DEL DOCENTE
650 4 _aREMUNERACION DE LOS DOCENTES
650 4 _aREFORMA DE LA EDUCACION
650 4 _aACTIVIDADES FUERA DE PROGRAMA
651 4 _aInglaterra
651 4 _aSuecia
651 4 _aNoruega
651 4 _aItalia
651 4 _aBélgica
653 _aINSTALACIONES EDUCATIVAS
653 _aMETODOS EDUCATIVOS
700 1 _aWrinkle, Williams L.
700 1 _aBrekke, Arnfinn
_ecolaborador
700 1 _aSirevag, Tonnes
_ecolaborador
700 1 _aCasserberg, Ture
_ecolaborador
700 1 _aCodignola, Ernesto
_ecolaborador
700 1 _aDent, H.C.
_ecolaborador
700 1 _aHilker, Franz
_ecolaborador
700 1 _aRotten, Elisabeth
_ecolaborador
700 1 _aVorbeck, C.F.
_ecolaborador
700 1 _aMonsted, K.B.
_ecolaborador
942 _cBK
998 _cCarmen
999 _c3780
_d3780